000 00799cam a22002414a 4500
001 BD-DhSAU 828
003 BD-DhSAU
005 20150107000742.0
008 010621s2006 nyua b 001 0deng
020 _a9788130902418
040 _aBD-DhSAU
082 0 0 _a338.1
_222
_bJOI
100 1 _aJones, Charles I.
_q(Charles Irving)
245 1 0 _aIntroduction to economic growth /
_cCharles I. Jones.
250 _a2nd ed.
260 _aNew York :
_bW.W. Norton ;
_cc2006.
300 _axiv, 237 p. :
_bill. ;
_c25 cm.
504 _aIncludes bibliographical references and index.
590 _aJerin
650 0 _aEconomic development.
650 0 _aEconomic indicators.
942 _2ddc
_cBOOK
999 _c828
_d828